Obce okresu Klatovy - Statistics

General Stats
  • This quiz has been taken 17 times
  • The average score is 23 of 93
Answer Stats
Počet obyvatel Odpověď % Correct
22 763 Klatovy
100%
10 740 Sušice
100%
5 011 Nýrsko
92%
845 Velhartice
92%
5 103 Horažďovice
85%
2 464 Janovice nad Úhlavou
85%
1 599 Železná Ruda
85%
1 367 Kašperské Hory
77%
922 Hartmanice
69%
1 666 Švihov
69%
817 Běšiny
62%
107 Modrava
62%
1 629 Plánice
62%
152 Prášily
62%
496 Rabí
62%
68 Horská Kvilda
54%
1 438 Kolinec
54%
240 Rejštejn
54%
270 Srní
54%
1 347 Hrádek
46%
643 Petrovice u Sušice
46%
687 Pačejov
38%
568 Velký Bor
38%
505 Čachrov
31%
234 Červené Poříčí
31%
717 Dešenice
31%
875 Dlouhá Ves
31%
495 Malý Bor
31%
1 122 Měčín
31%
1 152 Nalžovské Hory
31%
930 Vrhaveč
31%
613 Žichovice
31%
994 Bezděkov
23%
795 Chanovice
23%
117 Hamry
23%
108 Klenová
23%
364 Týnec
23%
422 Zavlekov
23%
566 Žihobce
23%
666 Chudenín
15%
86 Hnačov
15%
428 Hradešice
15%
81 Javor
15%
83 Kovčín
15%
47 Maňovice
15%
1 159 Mochtín
15%
143 Mokrosuky
15%
199 Nezamyslice
15%
1 362 Strážov
15%
218 Velké Hydčice
15%
185 Běhařov
8%
296 Budětice
8%
106 Dobršín
8%
979 Dolany
8%
107 Frymburk
8%
495 Hlavňovice
8%
215 Ježovy
8%
218 Křenice
8%
133 Kvásňovice
8%
826 Předslav
8%
96 Slatina
8%
386 Soběšice
8%
299 Svéradice
8%
122 Újezd u Plánice
8%
132 Biřkov
0%
794 Bolešiny
0%
209 Břežany
0%
70 Bukovník
0%
375 Černíkov
0%
133 Chlistov
0%
221 Číhaň
0%
162 Čímice
0%
485 Dlažov
0%
53 Domoraz
0%
167 Dražovice
0%
156 Hejná
0%
100 Kejnice
0%
124 Lomec
0%
69 Mezihoří
0%
54 Mlýnské Struhadlo
0%
427 Myslív
0%
125 Myslovice
0%
86 Nehodiv
0%
337 Nezdice na Šumavě
0%
225 Obytce
0%
203 Olšany
0%
76 Ostřetice
0%
153 Podmokly
0%
300 Poleň
0%
317 Strašín
0%
87 Tužice
0%
337 Vřeskovice
0%
130 Zborovy
0%
No matching quizzes found
Score Distribution
Percent of People with Each Score
Percentile by Number Answered
Your Score History
You have not taken this quiz